00477 2200193 4500001002100000005001700021008004100038035002400079043001200103082000800115090001500123100001800138245003300156260003100189300002500220650001400245850001200259990001200271YOGYA-0113000000011520130103111846.0 ind  0010-011300000000115 aYOPDYOG a150 a150bSuj P aSUJANTO, Agus aPsikologi umumcAgus Sujanto aJakartabAksara Baruc1979 a266 hlmbilusc21 cm aPsikologi aYOPDYOG a14931-P